000 01047nam a22002057a 4500
005 20100726135336.0
010 _aHIN-89757
020 _a9788190679527
_c150.00
035 _aHN-62103
037 _bDBAD / PUB
082 _a
100 _aवासुदेव
_91473
245 _aइस जंगल के लोगः
_bआदिवासी जीवन पर आधारित श्रेष्ठ कहानियाँ /
_cवासुदेव
246 _aEs Jungle ke Log
_bby Vasudev
260 _aदिल्ली
_bविकल्प प्रकाशन
_c2009
270 _a2226/बी, प्रथम तल, गली नं.33, पहला पुस्ता , सोनिया विहार
_bदिल्ली
_e110094
_kमो. 9211559886
300 _a112पृ
_c22सेमी (सजिल्द)
942 _2ddc
_cHN
_h
_mवासुदे
999 _c37715
_d37715